000 00555nam a2200193Ia 4500
003 LDD
008 181029s9999 xx 000 0 und d
020 _a0 8426 0958 x
_c225.00
040 _cLDD
100 _aMensching,Gustav
245 0 _aStructure and patterns of religions
_cGustav Mensching
260 _aDelhi
_bMotilal Banarsidass
_c1976
300 _aviii,366
365 _b225.00
901 _a1146
_b04-12-1997
902 _a1805
_b03-02-1998
_cF
_dPIBD
_e95
903 _aDiscount-10
_bReqst by : Abha Singh
942 _2ddc
_cBK
999 _c58400
_d58400